书目信息 |
| 题名: |
变压器和开关设备
|
|
| 作者: | ;水利电力部图书编辑室 编辑 | |
| 分册: | ||
| 出版信息: | 北京 中国工业出版社 1965 |
|
| 页数: | 235页 | |
| 开本: | 20cm | |
| 丛书名: | ||
| 单 册: | ||
| 中图分类: | TM403 | |
| 科图分类: | ||
| 主题词: | 变压器 , 变流器 , 电抗器 | |
| 电子资源: | ||
| ISBN: | ||
| 000 | 00691nam0 2200229 450 | |
| 001 | 0653253594 | |
| 005 | 20060508084031.42 | |
| 010 | @dCNY0.60 | |
| 100 | @a20060418d1965 km y0chiy0120 ea | |
| 101 | 0 | @achi |
| 102 | @aCN@b110000 | |
| 200 | 1 | @a变压器和开关设备@Abian ya qi he kai guan she bei@f水利电力部图书编辑室编辑@Fshui li dian li bu tu shu bian ji shi bian ji |
| 210 | @a北京@c中国工业出版社@d1965 | |
| 215 | @a235页@d20cm | |
| 300 | @a农村机电工人培训教材 | |
| 606 | 0 | @a变压器 |
| 606 | 0 | @a变流器 |
| 606 | 0 | @a电抗器 |
| 690 | @aTM403@v3 | |
| 711 | 0 | @a水利电力部图书编辑室@Ashui li dian li bu tu shu bian ji shi@4编辑 |
| 801 | 0 | @aCN@bPFT@c20060508 |
| 905 | @a10447@dTM403@e5 | |
| 变压器和开关设备/水利电力部图书编辑室编辑.-北京:中国工业出版社,1965 |
| 235页;20cm |
| 农村机电工人培训教材 |
| ISBN :CNY0.60 |
| ● |
| 相关链接 |
|
|
|
|
正题名:变压器和开关设备
索取号:TM403/5
 
预约/预借
| 序号 | 登录号 | 条形码 | 馆藏地/架位号 | 状态 | 备注 |
| 1 | 0009092 | 202330101 | 密集书库/ [索取号:TM403/5] | 在馆 | |
| 2 | 0009093 | 202248291 | 密集书库/ [索取号:TM403/5] | 在馆 | |
| 3 | 0009094 | 202248335 | 密集书库/ [索取号:TM403/5] | 在馆 | |
| 4 | 0016624 | 202279239 | 密集书库/ [索取号:TM403/5] | 在馆 |